Elementi di statistica guidiziaria con nozioni introduttive di metologia... / (Record no. 39217)
[ view plain ]
| 000 -LEADER | |
|---|---|
| campo de control de longitud fija | 00537nam a2200169 i 4500 |
| 001 - NÚMERO DE CONTROL | |
| campo de control | 39217 |
| 003 - IDENTIFICADOR DE NÚMERO DE CONTROL | |
| campo de control | ES-MaACL |
| 005 - FECHA Y HORA DE LA ÚLTIMA TRANSACCIÓN | |
| campo de control | 20250905063038.0 |
| 007 - CAMPO FIJO DE DESCRIPCIÓN FÍSICA--INFORMACIÓN GENERAL | |
| campo de control de longitud fija | t| |
| 008 - DATOS DE LONGITUD FIJA--INFORMACIÓN GENERAL | |
| campo de control de longitud fija | 030227s1934 it ||||1| ita d |
| 100 1# - ENTRADA PRINCIPAL--NOMBRE DE PERSONA | |
| Nombre de persona | Camboni, Luigi, |
| Fechas asociadas al nombre | 1882-1958 |
| 9 (RLIN) | 34037 |
| 245 10 - MENCIÓN DEL TÍTULO | |
| Título | Elementi di statistica guidiziaria con nozioni introduttive di metologia... / |
| Mención de responsabilidad, etc. | Luigi Camboni. |
| 260 ## - PUBLICACIÓN, DISTRIBUCIÓN, ETC. | |
| Lugar de publicación, distribución, etc. | Padova : |
| Nombre del editor, distribuidor, etc. | Cedam, |
| Fecha de publicación, distribución, etc. | 1934 ( |
| Fabricante | Tip. del Seminario) |
| 300 ## - DESCRIPCIÓN FÍSICA | |
| Extensión | X, 250 p. ; |
| Dimensiones | 26 cm. |
| 852 ## - LOCALIZACIÓN | |
| Ubicación | ES-MaACL |
| Número de control de estantería | C-5246 |
| Sublocalización o colección | R.25786 |
| Estatus retirado | Estado de pérdida | Estado de daño | No para préstamo | Biblioteca de origen | Biblioteca actual | Ubicación en estantería | Fecha de adquisición | Fuente de adquisición | Total de préstamos | Signatura topográfica completa | Código de barras | Visto por última vez | Precio de reemplazo | Tipo de ítem Koha |
|---|---|---|---|---|---|---|---|---|---|---|---|---|---|---|
| Biblioteca del Ateneo de Madrid | Biblioteca del Ateneo de Madrid | Sala Palomar | 17/01/2008 | C-5246 | 1041297 | 23/02/2023 | 23/02/2023 | Libro impreso |
